000 00263nam a2200097Ia 4500
001 767353
005 20250826165358.0
008 250824s9999 xx 000 0 und d
245 0 _aBAY UZUN KUYRUK VE PERİLER DİYARI
_cERHAN ŞİBİK
260 _bKAYALIPARK YAYINLARI
999 _c767353
_d767353